| 000 | 01087cam a22003374a 4500 | ||
|---|---|---|---|
| 001 | 14857496 | ||
| 003 | OSt | ||
| 005 | 20260311020120.0 | ||
| 008 | 070517s2008 paua 001 0 eng | ||
| 010 | _a 2007020782 | ||
| 016 | 7 |
_a101307381 _2DNLM |
|
| 020 | _a9780781769600 | ||
| 020 | _a0781769604 | ||
| 035 | _a(OCoLC)ocn134991023 | ||
| 040 |
_aDNLM/DLC _cDLC _dNLM _dBAKER _dBTCTA _dC#P _dYDXCP _dIAK _dOCLCA _dDLC |
||
| 042 | _apcc | ||
| 050 | 0 | 0 |
_aQP514.2 _b.C48 2008 |
| 060 | 0 | 0 | _a2007 J-946 |
| 082 | 0 | 0 | _aQU 4 C36b 2008 |
| 100 | 1 |
_aChampe, Pamela C.; Richard, A. Harvey; Denise, R. Ferrier. _9476 |
|
| 245 | 1 | 0 | _aLippincott's Illustrated Reviews Biochemistry |
| 250 | _a4th ed. | ||
| 260 |
_aPhiladelphia; _bWolters Kluwer Health, _c2008. |
||
| 300 |
_aviii, 520 p; _bcol. ill: _c28 cm. |
||
| 504 | _aIncludes index | ||
| 650 | 0 |
_aIllustrated biochemistry _9722 |
|
| 650 | 0 |
_aMCQs Biochemistry _9724 |
|
| 856 | 4 | 1 |
_3Table of contents only _uhttp://www.loc.gov/catdir/toc/ecip0718/2007020782.html |
| 906 |
_a7 _bcbc _corignew _d1 _eecip _f20 _gy-gencatlg |
||
| 942 |
_2z _cB_BANK _02 |
||
| 999 |
_c270 _d270 |
||